Medicinal chemistry of nucleic acids (Record no. 1214333)

MARC details
000 -LEADER
fixed length control field 01130nam a2200313Ia 4500
003 - CONTROL NUMBER IDENTIFIER
control field OSt
005 - DATE AND TIME OF LATEST TRANSACTION
control field 20221007124907.0
008 - FIXED-LENGTH DATA ELEMENTS--GENERAL INFORMATION
fixed length control field 221006b |||||||| |||| 00| 0 eng d
020 ## - INTERNATIONAL STANDARD BOOK NUMBER
International Standard Book Number 9780470596685 (hbk)
037 ## - SOURCE OF ACQUISITION
Terms of availability Textual
040 ## - CATALOGING SOURCE
Original cataloging agency CDL
Transcribing agency CDL
Language of cataloging eng
041 ## - LANGUAGE CODE
Source of code eng
Language code of text/sound track or separate title eng
100 ## - MAIN ENTRY--PERSONAL NAME
Personal name Zhang Li-He Ed.
9 (RLIN) 720857
245 #0 - TITLE STATEMENT
Title Medicinal chemistry of nucleic acids
Remainder of title Xi Zhen Ed. Chattopadhyaya Jyoti Ed.
260 ## - PUBLICATION, DISTRIBUTION, ETC.
Place of publication, distribution, etc. New
Name of publisher, distributor, etc. Jersey John Wiley
Date of publication, distribution, etc. 2011
300 ## - PHYSICAL DESCRIPTION
Extent xxvi, 428p. ill.
Dimensions cm.
490 ## - SERIES STATEMENT
Series statement Wiley series in drug discovery and development
650 ## - SUBJECT ADDED ENTRY--TOPICAL TERM
Topical term or geographic name entry element Pharmacokinetics research
9 (RLIN) 720858
650 ## - SUBJECT ADDED ENTRY--TOPICAL TERM
Topical term or geographic name entry element Pharmacology
650 ## - SUBJECT ADDED ENTRY--TOPICAL TERM
Topical term or geographic name entry element Chemistry
700 ## - ADDED ENTRY--PERSONAL NAME
Personal name Chattopadhyaya Jyoti Ed.
9 (RLIN) 720859
700 ## - ADDED ENTRY--PERSONAL NAME
Personal name Xi Zhen Ed.
9 (RLIN) 720860
942 ## - ADDED ENTRY ELEMENTS (KOHA)
Classification part LZ3:(E), Q1 Carc
Koha item type Textual
Source of classification or shelving scheme Colon Classification (CC)
Holdings
Withdrawn status Lost status Source of classification or shelving scheme Damaged status Not for loan Home library Current library Date acquired Source of acquisition Total Checkouts Full call number Barcode Date last seen Price effective from Koha item type
    Colon Classification (CC)     Department of Chemistry Library Department of Chemistry Library 2022-10-07 1771, 12/03/2018, Indica Publishers & Distributors Pvt. Ltd.   LZ3:(E) Q1 Carc CD0009292 2022-10-07 2022-10-07 Textual
Copyright @ Delhi University Library System